<?xml version="1.0" encoding="UTF-8"?><?xml-stylesheet type="text/xsl" href="static/style.xsl"?><OAI-PMH xmlns="http://www.openarchives.org/OAI/2.0/" xmlns:xsi="http://www.w3.org/2001/XMLSchema-instance" xsi:schemaLocation="http://www.openarchives.org/OAI/2.0/ http://www.openarchives.org/OAI/2.0/OAI-PMH.xsd"><responseDate>2026-04-29T02:37:48Z</responseDate><request verb="GetRecord" identifier="oai:repisalud.isciii.es:20.500.12105/8293" metadataPrefix="marc">https://repisalud.isciii.es/rest/oai/request</request><GetRecord><record><header><identifier>oai:repisalud.isciii.es:20.500.12105/8293</identifier><datestamp>2024-10-17T14:21:31Z</datestamp><setSpec>com_20.500.12105_25181</setSpec><setSpec>com_20.500.12105_6723</setSpec><setSpec>com_20.500.12105_2337</setSpec><setSpec>com_20.500.12105_2336</setSpec><setSpec>col_20.500.12105_25182</setSpec></header><metadata><record xmlns="http://www.loc.gov/MARC21/slim" xmlns:dcterms="http://purl.org/dc/terms/" xmlns:doc="http://www.lyncode.com/xoai" xmlns:xsi="http://www.w3.org/2001/XMLSchema-instance" xsi:schemaLocation="http://www.loc.gov/MARC21/slim http://www.loc.gov/standards/marcxml/schema/MARC21slim.xsd">
   <leader>00925njm 22002777a 4500</leader>
   <datafield ind2=" " ind1=" " tag="042">
      <subfield code="a">dc</subfield>
   </datafield>
   <datafield ind2=" " ind1=" " tag="720">
      <subfield code="a">Barbé, Ferrán</subfield>
      <subfield code="e">author</subfield>
   </datafield>
   <datafield ind2=" " ind1=" " tag="260">
      <subfield code="c">2019-07-02</subfield>
   </datafield>
   <datafield ind2=" " ind1=" " tag="520">
      <subfield code="a">-En cifras globales, en I+D predomina el género femenino, en cambio los puestos de dirección son ocupados mayoritariamente por hombres.&#xd;
-Se observa una tendencia generalizada en las diferentes instituciones de investigación españolas, y en menor medida pero similar, fuera de España.&#xd;
-Es poco probable que el cambio generacional natural facilite un cambio de tendencia acentuado.&#xd;
-No se identifican ni estrategias ni iniciativas claras que puedan ser efectivas a corto plazo, pero la visibilizacióndel tema es el primer paso&#xd;
-Es probable que el punto clave esté en el impacto de la maternidad en la carrera profesional de la mujer y sea donde el legislador deba tomar consciencia y decisiones efectivas.</subfield>
   </datafield>
   <datafield ind1="8" ind2=" " tag="024">
      <subfield code="a">Igualdad de género en la organización y gestión de I+D+I. Encuentro RRI en España y su modelo de incorporación en los institutos de investigación sanitaria. 2019</subfield>
   </datafield>
   <datafield ind1="8" ind2=" " tag="024">
      <subfield code="a">http://hdl.handle.net/20.500.12105/8293</subfield>
   </datafield>
   <datafield tag="653" ind2=" " ind1=" ">
      <subfield code="a">Mujer y ciencia</subfield>
   </datafield>
   <datafield tag="653" ind2=" " ind1=" ">
      <subfield code="a">España</subfield>
   </datafield>
   <datafield tag="653" ind2=" " ind1=" ">
      <subfield code="a">igualdad de género</subfield>
   </datafield>
   <datafield ind2="0" ind1="0" tag="245">
      <subfield code="a">Igualdad de género en la organización y gestión de I+D+I. Mesa redonda: Igualdad de género en la organización y gestión de I+D+I. Encuentro RRI en España y su modelo de incorporación en los institutos de investigación sanitaria. Universidad Internacional Menéndez Pelayo del 1 al 3 de julio de 2019</subfield>
   </datafield>
</record></metadata></record></GetRecord></OAI-PMH>